000 00566nam a2200241Ia 4500
003 OSt
005 20220912145818.0
006 a|||||r|||| 00| 0
007 ta
008 220909b |||||||| |||| 00| 0 eng d
024 _a78703
037 _cTextbook
040 _aCSL
_beng
_cCSL
041 _aeng
082 _aB28, N2
100 _aMedhi
245 0 _aStatistical methods in introductory text
260 _c1992
300 _ap.
_ccm.
650 _aStatistical methods
942 _hB28, N2
_cTB
_2CC
999 _c38811
_d38811